PHYSICS :TEACHER'S RESOURCE BOOK AND GUIDE PART 1 / (Record no. 615378)
[ view plain ]
| 000 -LEADER | |
|---|---|
| fixed length control field | 00452nam a22001457a 4500 |
| 020 ## - INTERNATIONAL STANDARD BOOK NUMBER | |
| Qualifying information | PB. |
| 040 ## - CATALOGING SOURCE | |
| Transcribing agency | FIZZA ISHAQ |
| 082 ## - DEWEY DECIMAL CLASSIFICATION NUMBER | |
| Classification number | 530 |
| Author Mark | PHY |
| 100 ## - MAIN ENTRY--PERSONAL NAME | |
| Personal name | STUDY COMMITTEE,PHYSICAL SCIENCE. |
| 9 (RLIN) | 131965 |
| 245 ## - TITLE STATEMENT | |
| Title | PHYSICS :TEACHER'S RESOURCE BOOK AND GUIDE PART 1 / |
| Statement of responsibility, etc. | PHYSICAL SCIENCE STUDY COMMITTEE. |
| 250 ## - EDITION STATEMENT | |
| Edition statement | 2ND ED. |
| 260 ## - PUBLICATION, DISTRIBUTION, ETC. | |
| Place of publication, distribution, etc. | D. C. HEATH AND COMPANY: |
| Name of publisher, distributor, etc. | UNITED STATES OF AMERICA, |
| Date of publication, distribution, etc. | 1965. |
| 300 ## - PHYSICAL DESCRIPTION | |
| Extent | 1-7 P. ill. ; |
| Dimensions | 19 cm |
| 942 ## - ADDED ENTRY ELEMENTS (KOHA) | |
| Source of classification or shelving scheme | |
| Koha item type | Book |
| Withdrawn status | Lost status | Source of classification or shelving scheme | Damaged status | Not for loan | Permanent Location | Current Location | Shelving location | Date acquired | Full call number | Barcode | Date last seen | Copy number | Price effective from | Koha item type | Total Checkouts |
|---|---|---|---|---|---|---|---|---|---|---|---|---|---|---|---|
| NUST Baluchistan Campus (NBC) | NUST Baluchistan Campus (NBC) | Text Books | 11/20/2025 | 530 PHY | QD-86 | 11/20/2025 | 1 | 11/20/2025 | Book | ||||||
| NUST Baluchistan Campus (NBC) | NUST Baluchistan Campus (NBC) | Text Books | 11/20/2025 | 530 PHY | QD-87 | 11/20/2025 | 2 | 11/20/2025 | Book | ||||||
| NUST Baluchistan Campus (NBC) | NUST Baluchistan Campus (NBC) | Text Books | 11/20/2025 | 530 PHY | QD-88 | 11/20/2025 | 3 | 11/20/2025 | Book |
